000 00295nam a2200133Ia 4500
008 190216s9999||||xx |||||||||||||| ||und||
100 _aK.K Baskaran
245 0 _aCell Biology
250 _a1st Ed.
260 _bManjusha Publications
_c2006
300 _a179p
650 _aBotany
942 _cBK
999 _c1322
_d1322